Addiction Quiz for Health Stats

Quiz not verified by Sporcle

Also try: Colorful People
Challenge
Share
Tweet
Embed
Score 0/29 Timer 07:00
0 Plays Today
% Correct
Drugs
74.4%
Alcohol
69.8%
Being Abnormally Dependent on Some Habit
58.1%
Gambling
58.1%
Television
48.8%
Being Dependent on an Addicted Person in an Unhealthy Way
46.5%
Body Feels that it Needs the Object to Keep Going
44.2%
Piercings and Tattoos
39.5%
Alcoholics Anonymous
39.5%
Spending Money
34.9%
Life Revolves Around Getting the Next Dose
34.9%
Caretaking
32.6%
Narcotics Anonymous
32.6%
SAMHSA
32.6%
Casual Use or Intense Use
30.2%
% Correct
Low Self-Esteem
30.2%
NALGAP
30.2%
Circumstantial Use or Experimental Use
23.3%
Compulsive Use or Intervention
23.3%
Assessment
23.3%
Evaluation
20.9%
Control
20.9%
Treatment Plan
18.6%
Addiction or Intervention
14%
Treatment
11.6%
Monitoring
11.6%
Treatment or Recovery
9.3%
Case Management
4.7%
Extended Care
4.7%

You're not logged in!

Compare scores with friends on all Sporcle quizzes.
Join for Free
OR
Log In

You Might Also Like...

Show Comments

Extras

Top Quizzes Today


Score Distribution

Your Account Isn't Verified!

In order to create a playlist on Sporcle, you need to verify the email address you used during registration. Go to your Sporcle Settings to finish the process.

Report this User

Report this user for behavior that violates our Community Guidelines.

Details: